00284nam a2200121Ia 45000030006000000080041000060400015000471000023000622450039000852600009001245460012001330050017001450STCL150530s9999 xx 000 0 und d aSTCLcSTCL aJames Theberge, D. aEconomics of trade and development c1968 aEnglish20220125165616.0